000 00655ntaaa2200205 4500
003 01
005 20251027201725.0
008 0714s1973 ag 01
020 _a8430106901
040 _aAR-BaBN
_bspa
_cAR-BaBN
_eaacr
_dRIC
082 _a234.2000 K15i
100 _aKasper, Walter
_914436
245 _aIntroducción a la fe
250 _a2 ed.
260 _aSalamanca :
_bSígueme,
_c1982
300 _a224 p ;
_c18 cm
500 _aDiez lecciones desarrolladas en la facultad de teología católica de Münster ye de Tübingen para servir de orientación para una vinculación entre teoría y práxis
650 _afe-cristiana
_95268
942 _cBK
999 _c11898
_d11898